Statistics for Artists Katy Perry has worked with

Click here to take the quiz!

General Stats

  • This quiz has been taken 18 times
    (5 since last reset)
  • The average score is 8 of 13

Answer Stats

Song Artist % Correct
California GurlsSnoop Dogg
100%
FeelsCalvin Harris
100%
Dark HorseJuicy J
75%
If we ever meet againTimbaland
75%
Who You LoveJohn Mayer
50%
E. T.Kanye West
50%
Bon AppetitMigos
50%
FeelsPharrel Williams
50%
Swish SwishNicki Minaj
50%
Chained to the RythmSkip Marley
50%
365Zedd
50%
FeelsBig Sean
25%
Legends Never DieFerras
25%

Score Distribution

Percentile by Number Answered

Percent of People with Each Score

Your Score History

You have not taken this quiz since the last reset